[Event "Aeroflot Open A 2017"]
[Site "Moscow RUS"]
[Date "2017.02.28"]
[Round "8.11"]
[White "Bosiocic, Marin"]
[Black "Movsesian, Sergei"]
[Result "1-0"]
[WhiteTitle "GM"]
[BlackTitle "GM"]
[WhiteElo "2602"]
[BlackElo "2679"]
[WhiteFideId "14507927"]
[BlackFideId "310204"]
[EventDate "2017.02.21"]

1. e4 e6 2. d4 d5 3. Nc3 Bb4 4. e5 Ne7 5. Qg4 Ng6 6. a3 Bxc3+ 7. bxc3 b6 8. h4
h5 9. Qd1 Ba6 10. Bxa6 Nxa6 11. Bg5 Qd7 12. Ne2 Ne7 13. Nf4 g6 14. Bf6 Rg8 15.
Qd3 Qa4 16. O-O Rc8 17. Rfd1 c6 18. f3 Kd7 19. g4 hxg4 20. fxg4 Nc5 21. dxc5
Qxf4 22. Qd4 Qg3+ 23. Kf1 Qf3+ 24. Ke1 bxc5 25. Qxc5 Qe4+ 26. Kd2 Qf4+ 27. Ke1
Qe4+ 28. Kd2 Qf4+ 29. Qe3 Qxg4 30. Rab1 d4 31. Qxd4+ Qxd4+ 32. cxd4 Rb8 33. Bxe7
Kxe7 34. Rb4 Rgd8 35. Kc3 a5 36. Rc4 Rb6 37. Rf1 Rh8 38. Rc5 Rxh4 39. Rxa5 Rb7
40. Kc4 Rh8 41. Ra6 g5 42. a4 g4 43. a5 g3 44. Rxc6 Rh2 45. Kd3 g2 46. Rg1 Rh3+
47. Ke4 Rg3 48. Kf4 Rg8 49. Kf3 Kd7 50. Rc4 Rb5 51. Ra4 Rb2 52. Rc4 f6 53. Rxg2
Rxg2 54. Kxg2 fxe5 55. dxe5 Rb5 56. Ra4 Kc7 57. a6 Kb8 58. Re4 Rb2 59. Re2 Ra2
60. Kf3 Rxa6 61. Rd2 Kc7 62. Kf4 Ra1 63. Rd6 Rf1+ 64. Ke3 Re1+ 65. Kd4 Rc1 66.
c4 Rd1+ 67. Kc5 Re1 68. Rxe6 Kd7 69. Rd6+ Ke7 70. Kd5 Rd1+ 71. Kc6 Re1 72. Rd5
Ke6 73. c5 Re2 74. Rd6+ Ke7 75. e6 Re5 76. Rd7+ Ke8 77. Kd6 Re1 78. Rh7 Rd1+ 79.
Kc7 Re1 80. c6 Rb1 81. Rh8+ Ke7 82. Rb8 Rc1 83. Rb2 1-0

[Event "Aeroflot Open A 2017"]
[Site "Moscow RUS"]
[Date "2017.02.28"]
[Round "8.12"]
[White "Antipov, Mikhail Al."]
[Black "Vidit, Santosh Gujrathi"]
[Result "1/2-1/2"]
[WhiteTitle "GM"]
[BlackTitle "GM"]
[WhiteElo "2582"]
[BlackElo "2673"]
[WhiteFideId "4107012"]
[BlackFideId "5029465"]
[EventDate "2017.02.21"]

1. e4 c5 2. d3 Nc6 3. f4 d5 4. Be2 g6 5. Nf3 Bg7 6. c3 d4 7. O-O Nf6 8. Ne5 dxc3
9. bxc3 O-O 10. Nxc6 bxc6 11. Qc2 Qa5 12. h3 Rd8 13. Be3 Ba6 14. g4 h5 15. g5
Ne8 16. Rc1 Qc7 17. Kg2 Qd7 18. Rd1 e5 19. fxe5 Bxe5 20. Nd2 Bxd3 21. Bxd3 Qxd3
22. Qxd3 Rxd3 23. Nc4 Rad8 24. Rxd3 Rxd3 25. Nxe5 Rxe3 26. Rd1 Rxe4 27. Nxc6
Re2+ 28. Kf3 Rxa2 29. Rd7 Ra3 30. Ne5 Rxc3+ 31. Kf2 f6 32. gxf6 Nxf6 33. Rxa7
Ne4+ 34. Ke2 g5 35. Ra4 Nd6 36. Ra6 Nf5 37. Kf2 Ng3 38. Ra4 Nf5 39. Nf3 Rc2+ 40.
Ke1 Rg2 41. Rc4 g4 42. hxg4 hxg4 43. Rxc5 Ne3 44. Nd4 Kf7 45. Nf5 Nxf5 46. Rxf5+
Kg6 47. Ra5 Rh2 48. Kf1 Rh5 49. Rxh5 Kxh5 50. Kg2 Kh4 51. Kh2 g3+ 52. Kg2 Kg4
53. Kg1 Kh3 54. Kh1 g2+ 55. Kg1 Kg3 1/2-1/2

[Event "Aeroflot Open A 2017"]
[Site "Moscow RUS"]
[Date "2017.02.28"]
[Round "8.14"]
[White "Motylev, Alexander"]
[Black "Ghaem Maghami, Ehsan"]
[Result "1/2-1/2"]
[WhiteTitle "GM"]
[BlackTitle "GM"]
[WhiteElo "2663"]
[BlackElo "2566"]
[WhiteFideId "4121830"]
[BlackFideId "12500739"]
[EventDate "2017.02.21"]

1. e4 e5 2. Nf3 Nc6 3. Bb5 a6 4. Ba4 Nf6 5. O-O Nxe4 6. d4 b5 7. Bb3 d5 8. dxe5
Be6 9. Nbd2 Nc5 10. c3 d4 11. Bxe6 Nxe6 12. cxd4 Ncxd4 13. a4 Bb4 14. Nxd4 Qxd4
15. axb5 O-O 16. Nf3 1/2-1/2

[Event "Aeroflot Open A 2017"]
[Site "Moscow RUS"]
[Date "2017.02.28"]
[Round "8.15"]
[White "Kuybokarov, Temur"]
[Black "Gupta, Abhijeet"]
[Result "1/2-1/2"]
[WhiteTitle "IM"]
[BlackTitle "GM"]
[WhiteElo "2491"]
[BlackElo "2645"]
[WhiteFideId "14203049"]
[BlackFideId "5010608"]
[EventDate "2017.02.21"]

1. e4 e6 2. d4 d5 3. Nd2 c5 4. exd5 Qxd5 5. Ngf3 cxd4 6. Bc4 Qd7 7. O-O Nc6 8.
Nb3 Nf6 9. Nbxd4 Nxd4 10. Nxd4 a6 11. Re1 b5 12. Be2 Bb7 13. Bf3 Rd8 14. Bxb7
Qxb7 15. Qf3 Qxf3 16. Nxf3 Rc8 17. c3 Nd5 18. Ne5 f6 19. Nd3 Kf7 20. Nf4 Nc7 21.
Nd3 Be7 22. a4 Rhd8 23. Rd1 Nd5 24. axb5 axb5 25. Bd2 Nb6 26. Be1 e5 27. f3 Na4
28. Kf1 Ke6 29. Rac1 h5 30. h4 Nb6 31. Ke2 Nd5 32. Ra1 Ra8 33. Bf2 Rdc8 34. Rxa8
Rxa8 35. Nc5+ Bxc5 36. Bxc5 Ra2 37. Rd2 Nf4+ 38. Kd1 Ra4 39. Rd6+ Kf5 40. g3 Ne6
41. Bb4 Nd4 42. cxd4 Rxb4 43. dxe5 Kxe5 44. Rc6 Rxb2 45. Rc5+ Kd4 46. Rxh5 b4
47. Rh7 Kd3 48. Kc1 Rc2+ 49. Kb1 Rg2 50. Rxg7 Kc3 51. Rc7+ Kb3 52. Rc1 Rxg3 53.
Rh1 Rg6 54. h5 Rh6 55. Kc1 Kc3 56. Rh3 f5 57. f4+ Kd4 58. Kd2 Ke4 59. Ke2 Rh7
60. Rb3 Rb7 61. h6 Kxf4 62. Kf2 Kg4 63. h7 Rxh7 64. Rxb4+ f4 65. Kg2 Re7 66. Rb2
Re3 67. Ra2 Rg3+ 68. Kf2 Rh3 69. Ra4 Rh2+ 70. Kg1 Re2 71. Kf1 Re3 72. Kf2 Rf3+
73. Kg2 Rb3 74. Ra2 Rc3 75. Kf2 Rh3 76. Ra4 Rh2+ 77. Kg1 Re2 78. Kf1 Re3 79. Kf2
Rf3+ 80. Kg2 Rc3 81. Ra2 Rd3 82. Kf2 Rd8 83. Kg2 Re8 84. Kf2 Rh8 85. Ra4 Rh2+ 1/2-1/2

[Event "Aeroflot Open A 2017"]
[Site "Moscow RUS"]
[Date "2017.02.28"]
[Round "8.16"]
[White "Swiercz, Dariusz"]
[Black "Indjic, Aleksandar"]
[Result "1/2-1/2"]
[WhiteTitle "GM"]
[BlackTitle "GM"]
[WhiteElo "2645"]
[BlackElo "2560"]
[WhiteFideId "1126881"]
[BlackFideId "911925"]
[EventDate "2017.02.21"]

1. e4 e5 2. Nf3 Nf6 3. Nxe5 d6 4. Nf3 Nxe4 5. d4 d5 6. Bd3 Be7 7. O-O Nc6 8.
Nbd2 Bf5 9. Re1 Nd6 10. Nf1 O-O 11. c3 Bxd3 12. Qxd3 Bf6 13. Ng3 Ne7 14. h4 g6
15. h5 c6 16. Bf4 Nef5 17. Nxf5 Nxf5 18. Ne5 Re8 19. Qh3 Bxe5 20. hxg6 hxg6 21.
dxe5 Kg7 22. g4 Rh8 23. Qf3 Nh4 24. Qd3 g5 25. Bg3 Qe7 26. e6 f6 27. Rad1 Rad8
28. Qe3 a5 29. b3 Rh6 30. Rd3 Rdh8 31. c4 Ng6 32. Kg2 Rh3 33. Qe2 Kf8 34. cxd5
Qh7 35. e7+ Ke8 36. Qe6 Rxg3+ 37. fxg3 Ne5 38. Qc8+ Kf7 39. Qe6+ Ke8 40. Qc8+
Kf7 41. Qe6+ 1/2-1/2

[Event "Aeroflot Open A 2017"]
[Site "Moscow RUS"]
[Date "2017.02.28"]
[Round "8.17"]
[White "Bok, Benjamin"]
[Black "Kuzubov, Yuriy"]
[Result "0-1"]
[WhiteTitle "GM"]
[BlackTitle "GM"]
[WhiteElo "2596"]
[BlackElo "2643"]
[WhiteFideId "1017063"]
[BlackFideId "14112906"]
[EventDate "2017.02.21"]

1. e4 c5 2. Nf3 Nc6 3. Nc3 g6 4. d4 cxd4 5. Nxd4 Bg7 6. Be3 Nf6 7. Bc4 Qa5 8.
O-O O-O 9. Nb3 Qc7 10. Be2 d6 11. Nd5 Qd8 12. Nxf6+ Bxf6 13. c3 Rb8 14. f4 a6
15. a4 b6 16. Bf3 Qc7 17. Qe2 Na5 18. Nd2 Be6 19. Bd4 Bc4 20. Nxc4 Bxd4+ 21.
cxd4 Qxc4 22. Qxc4 Nxc4 23. Rfc1 Nxb2 24. Be2 Rfc8 25. Bxa6 Rxc1+ 26. Rxc1 Nxa4
27. Bb5 Ra8 28. Rc7 Kf8 29. Bc6 Ra6 30. Rc8+ Kg7 31. Rc7 Nc3 32. Rxe7 b5 33. d5
Kf6 34. Rd7 Ra1+ 35. Kf2 Nxe4+ 36. Kf3 Nc5 37. Rc7 Rf1+ 38. Ke3 b4 39. Bb5 Re1+
40. Kf2 Rc1 41. Kf3 Rc3+ 42. Ke2 Ne6 43. Rxc3 Nxf4+ 44. Kd2 bxc3+ 45. Kxc3 Nxg2
46. Kd4 Nh4 47. Ke4 Kg5 48. Kd4 0-1

[Event "Aeroflot Open A 2017"]
[Site "Moscow RUS"]
[Date "2017.02.28"]
[Round "8.18"]
[White "Lysyj, Igor"]
[Black "Xu, Yinglun"]
[Result "1/2-1/2"]
[WhiteTitle "GM"]
[WhiteElo "2643"]
[BlackElo "2540"]
[WhiteFideId "4150120"]
[BlackFideId "8604940"]
[EventDate "2017.02.21"]

1. d4 d5 2. c4 e6 3. Nf3 Nf6 4. g3 Bb4+ 5. Bd2 Be7 6. Bg2 c6 7. O-O Nbd7 8. Qc2
b6 9. cxd5 cxd5 10. Bf4 Bb7 11. Rc1 O-O 12. Qb3 Rc8 13. Rxc8 Qxc8 14. Nc3 a6 15.
Rc1 Qa8 16. Na4 b5 17. Nc5 Rc8 18. Nxb7 Rxc1+ 19. Bxc1 Qxb7 20. Qc2 Nb8 21. Ne5
Bd6 22. b3 Qc7 23. Qxc7 Bxc7 24. Nd3 Nc6 25. e3 Bd6 26. Bd2 Nd7 27. Kf1 f5 28.
Ke2 Kf7 29. Kd1 g5 30. Bf1 g4 31. h3 h5 32. Kc2 Ke7 33. Be1 Kd8 34. h4 Kc7 35.
Bc3 a5 36. Nb2 Kb6 37. a4 b4 38. Be1 Nf6 39. Nd3 1/2-1/2

[Event "Aeroflot Open A 2017"]
[Site "Moscow RUS"]
[Date "2017.02.28"]
[Round "8.19"]
[White "Goganov, Aleksey"]
[Black "Sunilduth Lyna, Narayanan"]
[Result "1/2-1/2"]
[WhiteTitle "GM"]
[BlackTitle "GM"]
[WhiteElo "2632"]
[BlackElo "2524"]
[WhiteFideId "24109959"]
[BlackFideId "5058422"]
[EventDate "2017.02.21"]

1. d4 Nf6 2. c4 g6 3. f3 Bg7 4. e4 d6 5. Nc3 O-O 6. Be3 c5 7. d5 e6 8. Nge2 exd5
9. cxd5 b6 10. Ng3 Ba6 11. Be2 Bxe2 12. Qxe2 Re8 13. O-O a6 14. a4 Nbd7 15. Rab1
h5 16. Rfc1 h4 17. Nh1 Nh5 18. Nf2 f5 19. Qd2 Ne5 20. b3 Nf7 21. Ne2 h3 22. Nxh3
fxe4 23. f4 Nf6 24. Nf2 Nh6 25. Ng3 Qd7 26. h3 Nf5 27. Nxf5 gxf5 28. Kh2 Qf7 29.
Rd1 b5 30. axb5 axb5 31. g4 fxg4 32. hxg4 Ra3 33. g5 Qh5+ 34. Kg1 Ng4 35. Nxg4
Qxg4+ 36. Qg2 Qxg2+ 37. Kxg2 c4 38. Bd4 c3 39. Rbc1 Ra2+ 40. Kg3 c2 41. Rd2 e3
42. Bxe3 Rxe3+ 43. Kg4 Rc3 44. Kf5 b4 45. Kg6 Rxb3 46. Re2 Rf3 47. Re8+ Bf8 48.
Rh1 Rxf4 49. Rh7 c1=Q 50. Rg7+ Kh8 51. Rxf8+ Rxf8 52. Rh7+ 1/2-1/2

[Event "Aeroflot Open A 2017"]
[Site "Moscow RUS"]
[Date "2017.02.28"]
[Round "8.20"]
[White "Oparin, Grigoriy"]
[Black "Lomasov, Semen"]
[Result "1-0"]
[WhiteTitle "GM"]
[BlackTitle "IM"]
[WhiteElo "2625"]
[BlackElo "2450"]
[WhiteFideId "24125890"]
[BlackFideId "24164879"]
[EventDate "2017.02.21"]

1. d4 Nf6 2. c4 e6 3. Nf3 Bb4+ 4. Nbd2 a5 5. a3 Be7 6. e4 d5 7. Bd3 c5 8. cxd5
exd5 9. O-O O-O 10. e5 Nfd7 11. Re1 Nc6 12. Qc2 h6 13. b3 cxd4 14. Bb2 Nc5 15.
Nxd4 Nxd4 16. Bxd4 Nxd3 17. Qxd3 Qd7 18. Be3 Ra6 19. Nf3 Rg6 20. Nd4 Qg4 21. g3
Bc5 22. Qd1 Bxd4 23. Bxd4 Qxd1 24. Raxd1 Bg4 25. Rc1 Rc8 26. Rxc8+ Bxc8 27. Rc1
Bg4 28. Kg2 a4 29. f3 Bf5 30. Rc3 axb3 31. Rxb3 Ra6 32. g4 Bc8 33. Kf2 h5 34. h3
hxg4 35. hxg4 Kf8 36. Bc5+ Ke8 37. Ke3 Ra4 38. Bb4 Be6 39. Kf4 f6 40. exf6 gxf6
41. Rb2 Ra6 42. Rc2 Rc6 43. Rxc6 bxc6 44. Bc5 Bc8 45. Kg3 Ba6 46. a4 Kd7 47. f4
Bc4 48. f5 d4 49. Bxd4 Ke7 50. a5 Bd3 51. Kf3 Bb5 52. Ke3 Bf1 53. Bc5+ Kd7 54.
Bb4 Kd8 55. Kf2 Bc4 56. Kg3 Kd7 57. Kh4 Ke8 58. Kh5 Kf7 59. Bc5 Bd3 60. Bb6 Be2
61. Bd4 Bd3 62. Kh4 Ke7 63. Bc5+ Ke8 64. Kg3 Kd7 65. Kf4 Be2 66. Bd4 Ke7 67. Ke3
Bf1 68. Bb6 Kd7 69. Bc5 Kd8 70. Bb4 Kd7 71. Bc3 Ke7 72. Kd4 Kd6 73. Bb4+ Kd7 74.
Ke4 Be2 75. Kf4 Bf1 76. Bc3 Ke7 77. Bxf6+ Kxf6 78. g5+ Ke7 79. Ke5 Bd3 80. g6
Kf8 81. f6 c5 82. g7+ Kf7 83. Kd6 Bh7 84. a6 c4 85. a7 Be4 86. g8=Q+ 1-0

[Event "Aeroflot Open A 2017"]
[Site "Moscow RUS"]
[Date "2017.02.28"]
[Round "8.21"]
[White "Sasikiran, Krishnan"]
[Black "Kraemer, Martin"]
[Result "1-0"]
[WhiteTitle "GM"]
[BlackTitle "GM"]
[WhiteElo "2674"]
[BlackElo "2571"]
[WhiteFideId "5004985"]
[BlackFideId "4671910"]
[EventDate "2017.02.21"]

1. e4 e5 2. Nf3 Nc6 3. Bb5 a6 4. Ba4 Nf6 5. O-O Be7 6. Re1 b5 7. Bb3 d6 8. c3
O-O 9. h3 Nb8 10. d4 Nbd7 11. Nbd2 Bb7 12. Bc2 Re8 13. Nf1 Bf8 14. Ng3 g6 15. b3
Bg7 16. d5 Nb6 17. Rb1 c6 18. c4 Qc7 19. Bd3 Nbd7 20. Bg5 Nc5 21. Rc1 b4 22. Bc2
a5 23. Qd2 cxd5 24. cxd5 Ba6 25. Be3 Nfd7 26. Nh2 h5 27. Ngf1 Qd8 28. g4 hxg4
29. hxg4 Rc8 30. Ng3 Qe7 31. Kg2 Rc7 32. Rh1 Rec8 33. Bb1 a4 34. bxa4 b3 35. Nf3
Rb8 36. Bh6 Qf8 37. Bxg7 Qxg7 38. Rh4 b2 39. Rch1 Nf8 40. a5 Na4 41. g5 f6 42.
gxf6 Qxf6 43. Rg4 Rh7 44. Rxh7 Kxh7 45. Ng5+ Kg8 46. Ne6 Bc8 47. a6 Bxe6 48.
dxe6 Qxe6 49. Nf5 Kf7 50. Qa5 Nc5 51. Qc7+ Nfd7 52. a7 Ra8 53. Ne3 d5 54. exd5
Qb6 55. Qc6 Qxc6 56. dxc6 Nb6 57. Nc4 Nc8 58. Nxb2 Rxa7 59. Nc4 Ne7 60. Nxe5+
Ke6 61. Nd3 Nxd3 62. Bxd3 Kd6 63. a4 Kxc6 64. Bxg6 Kc5 65. Bd3 Nd5 66. Bb5 Kd6
67. Kg3 Ke5 68. f3 Nc3 69. Kf2 Nd5 70. Rc4 Nb6 71. Re4+ Kd6 72. f4 Nd5 73. Kf3
Rh7 74. Rd4 Kc5 75. Rc4+ Kb6 76. Rc6+ Ka5 77. Ke4 Nxf4 78. Kxf4 Rh4+ 79. Ke5
Rh5+ 80. Kd6 Rh6+ 81. Kc7 Rh7+ 82. Kb8 Rh8+ 83. Kb7 Rh7+ 84. Rc7 Rh5 85. Bd7 Rg5
86. Rc1 Rh5 87. Kc7 Re5 88. Rb1 Rc5+ 89. Bc6 Rc3 90. Rb8 Ra3 91. Ra8+ Kb4 92.
Kb6 1-0

[Event "Aeroflot Open A 2017"]
[Site "Moscow RUS"]
[Date "2017.02.28"]
[Round "8.22"]
[White "Zhigalko, Sergei"]
[Black "Idani, Pouya"]
[Result "1/2-1/2"]
[WhiteTitle "GM"]
[BlackTitle "GM"]
[WhiteElo "2652"]
[BlackElo "2563"]
[WhiteFideId "13502956"]
[BlackFideId "12510130"]
[EventDate "2017.02.21"]

1. e4 e5 2. Nf3 Nf6 3. Nxe5 d6 4. Nf3 Nxe4 5. d4 d5 6. Bd3 Nc6 7. O-O Be7 8. Nc3
Bf5 9. Re1 Nxc3 10. bxc3 Bxd3 11. Qxd3 O-O 12. Rb1 b6 13. c4 Re8 14. Bf4 Rc8 15.
cxd5 Qxd5 16. c4 Qd7 17. d5 Bf6 18. h3 h6 19. Rbd1 Nb4 20. Rxe8+ Rxe8 21. Qb3
Na6 22. Qb5 Qc8 23. a4 Re7 24. a5 Nc5 25. Re1 Rxe1+ 26. Nxe1 Nb7 27. axb6 axb6
28. Nf3 Be7 29. Qa6 Bd6 30. Bxd6 1/2-1/2

[Event "Aeroflot Open A 2017"]
[Site "Moscow RUS"]
[Date "2017.02.28"]
[Round "8.23"]
[White "Alekseev, Evgeny"]
[Black "Zhigalko, Andrey"]
[Result "1/2-1/2"]
[WhiteTitle "GM"]
[BlackTitle "GM"]
[WhiteElo "2632"]
[BlackElo "2571"]
[WhiteFideId "4138147"]
[BlackFideId "13502247"]
[EventDate "2017.02.21"]

1. d4 Nf6 2. Nf3 g6 3. g3 Bg7 4. Bg2 c5 5. O-O cxd4 6. Nxd4 h5 7. h3 d5 8. Nb3
O-O 9. Nc3 Nc6 10. Be3 Bf5 11. Nd4 Nxd4 12. Bxd4 Rc8 13. a4 b6 14. e3 Qd7 15.
Kh2 Rfd8 16. Qe2 Qc7 17. f4 Qc4 18. Rf2 Qxe2 19. Rxe2 Ne4 20. Bxe4 Bxe4 21. Bxg7
Kxg7 22. Rd2 Rc4 23. g4 h4 24. Kg1 Rdc8 25. Kf2 Rb4 26. Nxe4 Rxe4 27. c3 e6 28.
Rd4 f5 29. Kf3 1/2-1/2

[Event "Aeroflot Open A 2017"]
[Site "Moscow RUS"]
[Date "2017.02.28"]
[Round "8.24"]
[White "Blomqvist, Erik"]
[Black "Bluebaum, Matthias"]
[Result "0-1"]
[WhiteTitle "GM"]
[BlackTitle "GM"]
[WhiteElo "2573"]
[BlackElo "2632"]
[WhiteFideId "1709437"]
[BlackFideId "24651516"]
[EventDate "2017.02.21"]

1. e4 c6 2. d4 d5 3. Nc3 dxe4 4. Nxe4 Bf5 5. Ng3 Bg6 6. Nh3 Nf6 7. Nf4 Nbd7 8.
h4 e5 9. dxe5 Qa5+ 10. c3 Qxe5+ 11. Qe2 Bc5 12. Nxg6 hxg6 13. Bf4 Qxe2+ 14. Bxe2
O-O-O 15. Rd1 Rde8 16. Kf1 Ne5 17. Rh3 Nd5 18. Bc1 f5 19. Re1 Nf6 20. h5 Neg4
21. hxg6 Nh2+ 22. Rxh2 Rxh2 23. Bf3 Ne4 24. Bxe4 fxe4 25. Rxe4 Rxe4 26. Nxe4
Rh1+ 27. Ke2 Bxf2 28. Bf4 Bb6 29. Nd6+ Kd7 30. Nxb7 Rg1 31. Kf3 Rf1+ 32. Kg4 Rf2
33. g3 Ke6 34. b4 Rxa2 35. c4 Bd4 36. b5 cxb5 37. cxb5 Kf6 38. Kf3 Kxg6 39. Ke4
Bf2 40. Nd6 Ra3 41. g4 Rb3 42. Be5 Rb4+ 43. Kf3 Bd4 44. Bf4 Bc5 0-1

[Event "Aeroflot Open A 2017"]
[Site "Moscow RUS"]
[Date "2017.02.28"]
[Round "8.25"]
[White "Sandipan, Chanda"]
[Black "Kobalia, Mikhail"]
[Result "1-0"]
[WhiteTitle "GM"]
[BlackTitle "GM"]
[WhiteElo "2573"]
[BlackElo "2628"]
[WhiteFideId "5004225"]
[BlackFideId "4119150"]
[EventDate "2017.02.21"]

1. d4 d5 2. Nf3 Nf6 3. Bf4 c5 4. e3 Nc6 5. Nbd2 e6 6. c3 cxd4 7. exd4 Nh5 8. Be3
Bd6 9. Ne5 g6 10. Be2 Ng7 11. f4 f6 12. Nd3 Nf5 13. Bf2 h5 14. Nf3 Qc7 15. Nh4
Nce7 16. Nxf5 Nxf5 17. g3 b6 18. Bf3 Bb7 19. Qe2 Qd7 20. O-O-O O-O-O 21. Kb1 Ba6
22. c4 Bc7 23. Rc1 Nd6 24. b3 dxc4 25. Nb4 Bb7 26. Bxb7+ Nxb7 27. Rxc4 b5 28.
Rc2 Rh7 29. Rhc1 Qd6 30. Qxb5 Qb6 31. Qxb6 axb6 32. Na6 1-0

[Event "Aeroflot Open A 2017"]
[Site "Moscow RUS"]
[Date "2017.02.28"]
[Round "8.26"]
[White "Ramirez, Alejandro"]
[Black "Buhmann, Rainer"]
[Result "1-0"]
[WhiteTitle "GM"]
[BlackTitle "GM"]
[WhiteElo "2549"]
[BlackElo "2625"]
[WhiteFideId "6500617"]
[BlackFideId "4651340"]
[EventDate "2017.02.21"]

1. e4 e5 2. Nf3 Nc6 3. Bb5 a6 4. Ba4 Nf6 5. O-O Be7 6. d3 d6 7. c3 O-O 8. Re1
Nd7 9. d4 exd4 10. cxd4 Nb6 11. Bxc6 bxc6 12. Qc2 Bd7 13. Nc3 a5 14. h3 a4 15.
Be3 Re8 16. Rad1 Qc8 17. Ne2 Bf8 18. Ng3 d5 19. e5 h6 20. Bc1 Ra5 21. Nh4 c5 22.
Bxh6 cxd4 23. Nh5 Nc4 24. Qd3 Nxe5 25. Qg3 Ng6 26. Nf6+ gxf6 27. Nxg6 fxg6 28.
Qxg6+ Kh8 29. Qxf6+ Kg8 30. Qg5+ Kf7 31. Qf4+ Kg6 32. Rxe8 Qxe8 33. Bxf8 1-0

[Event "Aeroflot Open A 2017"]
[Site "Moscow RUS"]
[Date "2017.02.28"]
[Round "8.27"]
[White "Vavulin, Maksim"]
[Black "Huzman, Alexander"]
[Result "1-0"]
[WhiteTitle "IM"]
[BlackTitle "GM"]
[WhiteElo "2604"]
[BlackElo "2552"]
[WhiteFideId "4169530"]
[BlackFideId "2803828"]
[EventDate "2017.02.21"]

1. e4 e6 2. d4 d5 3. Nd2 c5 4. Ngf3 cxd4 5. Nxd4 Nc6 6. Bb5 Bd7 7. Nxc6 bxc6 8.
Bd3 Bd6 9. Nf3 Ne7 10. e5 Bc7 11. O-O c5 12. c4 Bc6 13. Qe2 dxc4 14. Bxc4 O-O
15. Bd3 h6 16. Rd1 Qb8 17. Be3 Bb6 18. Bf4 Ng6 19. Bg3 Qb7 20. Ba6 Qe7 21. Bb5
Bd5 22. Ne1 Rfd8 23. Nc2 Bb7 24. Ne3 Rxd1+ 25. Rxd1 Rd8 26. Rxd8+ Qxd8 27. Qd3
Qxd3 28. Bxd3 Ne7 29. Bb5 Nc6 30. Kf1 Bc7 31. f4 g5 32. Ng4 Kg7 33. Nf6 Bb6 34.
fxg5 hxg5 35. Nd7 Nd4 36. Bc4 Bc6 37. Nxb6 axb6 38. Bf2 Nf5 39. a3 Ne7 40. Be3
Ng6 41. Bxg5 Nxe5 42. Be2 f6 43. Bf4 Ng6 44. Bc7 b5 45. Kf2 c4 46. Bf3 Bxf3 47.
Kxf3 Nh4+ 48. Kg3 Ng6 49. Kg4 Ne7 50. h4 Nd5 51. Ba5 e5 52. Bd2 Kf7 53. h5 e4
54. Kf5 e3 55. Be1 Nb6 56. Ke4 Na4 57. Kxe3 Nxb2 58. Kd4 Na4 59. g4 Kg7 60. Bd2
Kf7 61. Be3 Ke6 62. Bc1 Kf7 63. Be3 Ke6 64. Bd2 Kf7 65. Kd5 c3 66. Bc1 Nb2 67.
Kd4 Nd1 68. Kc5 c2 69. Kxb5 Nc3+ 70. Kc4 Ne2 71. Be3 f5 72. gxf5 Ng3 73. h6 Nxf5
74. Bc1 Nd6+ 75. Kb4 Nf5 76. a4 Nxh6 77. Bxh6 Ke6 78. Kc5 Kd7 79. Kb6 Kc8 80.
Ka7 1-0

[Event "Aeroflot Open A 2017"]
[Site "Moscow RUS"]
[Date "2017.02.28"]
[Round "8.28"]
[White "Rozum, Ivan"]
[Black "Tabatabaei, M.amin"]
[Result "1-0"]
[WhiteTitle "GM"]
[BlackTitle "IM"]
[WhiteElo "2601"]
[BlackElo "2507"]
[WhiteFideId "24104272"]
[BlackFideId "12521213"]
[EventDate "2017.02.21"]

1. Nf3 Nf6 2. g3 b5 3. Bg2 Bb7 4. Na3 a6 5. c4 b4 6. Nc2 e6 7. O-O Be7 8. d4 Be4
9. Nd2 Bxg2 10. Kxg2 c5 11. e4 O-O 12. d5 exd5 13. exd5 Re8 14. b3 a5 15. a4 d6
16. Ne3 Bf8 17. Bb2 Nbd7 18. Qc2 g6 19. Rae1 Bg7 20. f4 Re7 21. Nd1 Qf8 22. Rxe7
Qxe7 23. Nf3 Re8 24. Re1 Qf8 25. Rxe8 Qxe8 26. Nf2 Nh5 27. Bc1 f5 28. h3 Bc3 29.
g4 Ng7 30. Kf1 fxg4 31. hxg4 Nf6 32. Qe2 Qd7 33. Ng5 h5 34. gxh5 gxh5 35. Ne6
Nf5 36. Qd3 Qh7 37. Ng5 Qg6 38. Bd2 Bd4 39. Ke1 Ng4 40. Nfe4 Kh8 41. Nxd6 Ngh6
42. Nb5 Ng4 43. Nxd4 cxd4 44. c5 Qe8+ 45. Ne6 1-0

[Event "Aeroflot Open A 2017"]
[Site "Moscow RUS"]
[Date "2017.02.28"]
[Round "8.29"]
[White "Bindrich, Falko"]
[Black "Gabrielian, Artur"]
[Result "1-0"]
[WhiteTitle "GM"]
[BlackTitle "GM"]
[WhiteElo "2590"]
[BlackElo "2532"]
[WhiteFideId "4676670"]
[BlackFideId "4131002"]
[EventDate "2017.02.21"]

1. d4 Nf6 2. c4 g6 3. Nf3 Bg7 4. g3 O-O 5. Bg2 d5 6. cxd5 Nxd5 7. O-O Nb6 8. Nc3
Nc6 9. e3 Re8 10. a3 e5 11. d5 Ne7 12. e4 Bd7 13. a4 Nbc8 14. a5 a6 15. b3 Nd6
16. Re1 Nb5 17. Na4 Bg4 18. Bb2 Nc8 19. h3 Bxf3 20. Qxf3 Ncd6 21. Nc5 Qe7 22.
Rac1 Rac8 23. h4 Rcd8 24. Bh3 h5 25. b4 Rf8 26. Qb3 Kh7 27. Rcd1 Kh8 28. Nd3 b6
29. Rc1 Rfe8 30. Rc6 Na7 31. Rcc1 Nab5 32. Qa2 Ra8 33. Qa1 Nd4 34. Bxd4 exd4 35.
axb6 cxb6 36. e5 Nb5 37. d6 Qa7 38. Bg2 Rad8 39. Bc6 Nxd6 40. exd6 Rxe1+ 41.
Rxe1 Rxd6 42. Bg2 Rd8 43. Qa2 a5 44. Ra1 Rb8 45. Kh2 Qe7 46. bxa5 bxa5 47. Qxa5
Rb3 48. Bf1 Rc3 49. Qd5 Kh7 50. Kg1 Rc7 51. Re1 Qf6 52. Qe4 Qb6 53. Qd5 Bf6 54.
Qa2 Ra7 55. Qb2 Qd8 56. Rb1 Kg7 57. Qb8 Qd7 58. Bh3 Qe7 59. Re1 Qa3 60. Bf1 Ra8
61. Qf4 Ra5 62. Rb1 Qe7 63. Rb6 Rd5 64. Bg2 Rd7 65. Qe4 Qd8 66. Ra6 Kh7 67. Qf4
Bg7 68. Be4 Qc8 69. Ra8 Qc2 70. Ne5 1-0

[Event "Aeroflot Open A 2017"]
[Site "Moscow RUS"]
[Date "2017.02.28"]
[Round "8.30"]
[White "Gordievsky, Dmitry"]
[Black "Van Foreest, Jorden"]
[Result "1/2-1/2"]
[WhiteTitle "IM"]
[BlackTitle "GM"]
[WhiteElo "2564"]
[BlackElo "2584"]
[WhiteFideId "24112798"]
[BlackFideId "1039784"]
[EventDate "2017.02.21"]

1. c4 c6 2. Nc3 d5 3. e3 Nf6 4. Nf3 g6 5. d4 Bg7 6. Bd3 O-O 7. O-O dxc4 8. Bxc4
Nbd7 9. Bb3 Qc7 10. Bd2 e5 11. Rc1 exd4 12. exd4 Qd6 13. Bg5 Nb6 14. Re1 Bg4 15.
h3 Bxf3 16. Qxf3 Rae8 17. Bf4 Qd8 18. Be5 Nfd5 19. Re2 Re7 20. Ne4 Bxe5 21. dxe5
Nd7 22. Bxd5 cxd5 23. Nf6+ Nxf6 24. Qxf6 Rfe8 25. Rd1 Re6 1/2-1/2